| 000 | 00722nam a2200253 i 4500 | ||
|---|---|---|---|
| 001 | bgj | ||
| 100 | 1 | _aGordon, Jakov I~7lič. | |
| 245 | 1 | 0 |
_aHeine in Russland : _b1830-1860 / _cJakov I~7lič Gordon ; [Aus dem Russichen von Eva-Marie Fiedler]. |
| 260 |
_aHamburg : _bHoffman und Campe ; _bHeinrich Heine Verlag, _c1982. |
||
| 300 |
_a352 s. ; _c24 cm. |
||
| 490 | 1 | _aHeine-Studien | |
| 504 | _aBibliogr. [348]-352. | ||
| 650 | 9 | _aLiteratura niemiecka | |
| 700 | 1 | _aFIEDLER, Eva-Marie. | |
| 830 | _aHeine-Studien | ||
| 020 | _a3455099092 | ||
| 040 | _cBPK | ||
| 041 | 0 | _ager | |
| 044 | _aDEU | ||
| 080 | _a821.112.2 | ||
| 920 | _a3-455-09909-2 | ||
| 942 | _cKS | ||
| 008 | s gw f |000 0 ger | ||
| 999 |
_c50326 _d50326 |
||
| 856 |
_uhttp://koha.tu.koszalin.pl/cgi-bin/koha/opac-detail.pl?biblionumber=50326 _yKatalog online BPK |
||